000 00996cam a22002897a 4500
003 CHAP
005 20220329135756.0
008 971013s r 00010 d
010 _a41896
011 _a42868
035 _a46998
040 _cCHAP
090 _aR-1391
100 0 0 _aMyren, Delbert T.
_979961
245 1 4 _aThe role of information in farm decisiones under conditions of high risk and uncertainly
500 _aSobretiro de: First Interamerican Research Symposium on the Role of Communications in Agricultural Development. pp. 1-7
590 _aBATCH-UPD
_b10
_c20130110
_lUCH01
_h0049
590 _aBATCH-UPD
_b10
_c20130110
_lUCH01
_h1916
590 _aBATCH-UPD
_b10
_c20130410
_lUCH01
_h1243
590 _aBATCH-UPD
_b10
_c20130914
_lUCH01
_h1338
590 _aCONVERSION
_b10
_c20130109
_lUCH01
_h1323
650 1 4 _aExtensión agrícola.
_939144
650 1 4 _aToma de decisiones.
_9113662
901 _aBK
942 _cREIMP
949 _aR-1391
_bBC
_cR
_d-106981
_eTS1
_i46998
_si
999 _c41896
_d41896